000 01075 a2200229 4500
001 41217
005 20260407155706.0
008 260407a2008 arg spa d
003 AR-UNSa-BCEJYS
040 _aAR-UNSa-BCEJYS
_bspa
_cAR-UNSa-BCEJYS
080 _a347.725
_xSociedades públicas. Sociedades anónimas (Sociedades por acciones)
245 1 0 _aFinanciamiento de la sociedad anónima
020 _a978-950-894-688-1
264 1 _aBuenos Aires :
_bAD-HOC
_c2008
300 _a315 p.
_c23 cm.
505 _a1. Financiamiento en sentido estricto: Capítulo I: El capital social - Capítulo II: El crédito - Capítulo III: Afectación de activos para la obtención de financiamiento - 2. Financiamiento indirecto: Capítulo I: Reestructuración de deudas en general - II: Reestructuración de deudas en el marco de la Ley de Concursos y Quiebras
041 _aspa
942 _cBK
590 _aniveau_biblio:m niveau_hierar:0
100 1 _aGiovenco, Arturo C.
856 4 1 _uhttps://biblioeco.unsa.edu.ar/pmb/images/libros/L126455.jpg
_yImagen de portada
_qimage/jpeg
999 _c3430
_d3430